21 Cents by Trueblood Lyrics - Statistics

General Stats
  • This quiz has been taken 13 times
  • The average score is 26 of 34
Answer Stats
Hint Answer % Correct
__ _____ I'll be there, __ _____ I'll see her 21 cents
100%
__ _____ I'll leave you 21 cents
100%
__ _____ I'll be there, __ _____ I'll see her 21 cents
100%
__ _____ I'll leave you 21 cents
100%
Doesn't make sense, I'll _____ through bleed
86%
No, I don't think it'll _______ change
86%
It's the same thing every ___ day
86%
But the hole I've dug's too ____ deep
86%
'Cause they always talk from a ________ distance
86%
Yeah, I've had ______, I beat myself up enough
86%
Do you think she _____ the same feels
86%
50 more times, I'll say I'm ____ fine
86%
When I'm with my _______, I feel alone friends
86%
Tryna be like him, 'cause I ain't ____ enough good
86%
Tryna be like him, 'cause I ain't ____ enough good
86%
But the ____ I've dug's too deep hole
86%
Why does she ____ at me that way look
86%
Why can't I find my ____-______ self esteem
86%
Doesn't make _____, I'll bleed through sense
86%
50 more _____, I'll say I'm fine times
86%
Yeah, I've had enough, I ____ myself up beat
71%
Do you wanna bet how far I'll ____ till I break bend
71%
Do you wanna bet how far I'll bend till I _____, till I _____ break
71%
Telling lies to help ____ the pain ease
71%
Why are all my friends non-________ existent
71%
Do you wanna _____ how I'm gonna ease the pain guess
71%
Maybe I should stay at ____ home
71%
Just waitin' for my ____ to change life
71%
__ ____ I'll be the guy you wanted me to be 21 says
57%
__ ____ I'll be the guy you wanted me to be 21 says
57%
Rather have _________ than fame happiness
57%
There's no one to trust, runnin' out of ____ luck
57%
Yeah, my conscience is _________ to dust crumbling
43%
I find myself ____ now sane
29%
No matching quizzes found
Score Distribution
Percent of People with Each Score
Percentile by Number Answered
Your Score History
You have not taken this quiz